[Event "38th Olympiad w"]
[Site "Dresden GER"]
[Date "2008.11.20"]
[Round "7"]
[White "De Leon,P"]
[Black "Jennitha,A"]
[Result "1/2-1/2"]
[WhiteElo "1748"]
[BlackElo "1998"]

1.d4 Nf6 2.c4 Nc6 3.Nc3 e5 4.d5 Ne7 5.e4 Ng6 6.Bd3 Bb4 7.Qc2 a5 8.Nf3 O-O
9.O-O d6 10.h3 Bxc3 11.Qxc3 Nh5 12.c5 Nhf4 13.cxd6 cxd6 14.Be3 Qf6 15.Nh2 Qg5
16.g3 Nxh3+ 17.Kg2 Qd8 18.Qd2 h6 19.f4 exf4 20.gxf4 Qh4 21.Rf3 Qh5 22.Rg3 Bd7
23.f5 Nh4+ 24.Kf1 Nxf5 25.exf5 Bxf5 26.Bxf5 Qxf5+ 27.Kg2 Ng5 28.Bxg5 hxg5
29.Qxg5 Qc2+ 30.Kh1 Qxb2 31.Rag1 g6 32.Qh6 Qg7 33.Rxg6 fxg6 34.Rxg6 Rf7 35.Rxg7+ Rxg7
36.Qe6+ Kh8 37.Qh6+ Kg8 38.Qe6+ Kh8 39.Qh6+ Kg8 40.Qxd6 Re8 41.Nf3 Kh7 42.Qf6 Kg8
43.d6 Rf8 44.Qe6+ Kh7 45.Qe4+ Kg8 46.Qd5+ Kh8 47.d7 Rgg8 48.Qd6 Kg7 49.Qe7+ Kg6
50.Qe6+ Kh5 51.Qh3+ Kg6 52.Qg4+ Kf6 53.Qe4 b5 54.Qe5+ Kg6 55.Qe6+ Kh5 56.Qh3+ Kg6
57.Qe6+ Kh5  1/2-1/2

[Event "38th Olympiad w"]
[Site "Dresden GER"]
[Date "2008.11.22"]
[Round "9"]
[White "Shabanaj,A"]
[Black "Jennitha,A"]
[Result "0-1"]
[WhiteElo "1990"]
[BlackElo "1998"]

1.d4 Nf6 2.c4 Nc6 3.Nc3 e5 4.d5 Ne7 5.e4 Ng6 6.Nf3 Bb4 7.Bd3 O-O 8.Bd2 Bxc3
9.Bxc3 d6 10.O-O Nf4 11.Re1 Nxd3 12.Qxd3 Nh5 13.Bd2 h6 14.h3 f5 15.Rac1 b6
16.b4 fxe4 17.Qxe4 Nf4 18.Bxf4 Rxf4 19.Qe3 a5 20.b5 Qf6 21.Nd2 Qg6 22.Kh2 Bd7
23.Rc3 Raf8 24.Ne4 Bf5 25.Ng3 Bd7 26.Ne4 Bf5 27.Ng3 Bc8 28.Ne4 h5 29.Re2 Bf5
30.Nd2 Bd7 31.Rc1 R4f7 32.Nf3 Qf5 33.Ng5 Qf4+ 34.Qxf4 Rxf4 35.f3 Rd4 36.g4 hxg4
37.hxg4 Rff4 38.Rec2 e4 39.fxe4 Rxg4 40.Rg1 Rh4+ 41.Kg3 Rg4+ 42.Kf2 Rxg1
43.Kxg1 Bg4 44.Kf2 Rd3 45.Ke1 g6 46.Kf2 Kg7 47.e5 dxe5 48.c5 Rxd5 49.cxb6 cxb6
50.Rc7+ Kh6 51.Nf7+ Kh5 52.Rc1 Bf5 53.Rh1+ Kg4 54.Rg1+ Kf4 55.a4 Rd2+ 56.Ke1 Ra2
57.Nd6 Rxa4  0-1

[Event "38th Olympiad"]
[Site "Dresden GER"]
[Date "2008.11.23"]
[Round "10"]
[White "Van Hoolandt,P"]
[Black "Goh Weiming"]
[Result "0-1"]
[WhiteElo "2231"]
[BlackElo "2420"]

1.d4 Nf6 2.c4 Nc6 3.Nf3 e6 4.a3 d6 5.Nc3 g6 6.e4 Bg7 7.h3 O-O 8.Bg5 h6 9.Be3 Re8
10.Bd3 Nd7 11.Be2 Nb6 12.O-O Kh7 13.Re1 d5 14.b3 dxe4 15.Nxe4 e5 16.dxe5 Nd7
17.e6 Rxe6 18.Neg5+ hxg5 19.Nxg5+ Kg8 20.Nxe6 fxe6 21.Ra2 Qe7 22.Qc2 Qf7
23.Rd1 Nf6 24.b4 e5 25.b5 Bf5 26.Qa4 Nd4 27.Bxd4 exd4 28.g4 Be6 29.Rxd4 Nd7
30.Rd1 Be5 31.Qc2 Nc5 32.Bf1 Kg7 33.Qc1 Rf8 34.Qe3 Qf4 35.Qxf4 Rxf4 36.Rc2 Rf3
37.Re1 Bd6 38.Re3 Rf4 39.a4 b6 40.a5 bxa5 41.Ra3 a4 42.f3 g5 43.Kg2 Kf6 44.Be2 Rd4
45.Ra1 Bf4 46.Rh1 Rd2 47.Rxd2 Bxd2 48.Ra1 Bb4 49.f4 gxf4 50.h4 a3 51.g5+ Kg6
52.Ra2 Bf5 53.Kf3 Ne6 54.Bd1 Bd6 55.Kf2 Nd4 56.Ra1 Bc5 57.Kg2 Bd3  0-1

[Event "Scaccomatto Open"]
[Site "Torino ITA"]
[Date "2008.12.06"]
[Round "7"]
[White "Vuelban,V"]
[Black "Vocaturo,D"]
[Result "0-1"]
[WhiteElo "2390"]
[BlackElo "2383"]

1.d4 Nf6 2.c4 Nc6 3.Nf3 e6 4.Nc3 Bb4 5.Qc2 d6 6.a3 Bxc3+ 7.Qxc3 a5 8.b3 O-O
9.Bb2 Re8 10.Rd1 Qe7 11.e3 e5 12.dxe5 dxe5 13.h3 Bf5 14.Be2 Ne4 15.Qc1 Nc5
16.Qc3 f6 17.O-O Ra6 18.Rd5 Rb6 19.Nd2 Be6 20.Rc1 Ra8 21.Bd1 Nd8 22.b4 axb4
23.axb4 Na4 24.Bxa4 Bxd5 25.cxd5 Rxa4 26.d6 Rxd6 27.Qb3+ Ne6 28.Qxa4 Rxd2
29.Bc3 Rd8 30.b5 Qd7 31.Bb4 Kf7 32.Kh2 Qd3 33.Rc2 Rd5 34.b6 cxb6 35.Rc8 Rd8
36.Rc3 Qd7 37.Qa7 Rc8 38.Rxc8 Qxc8 39.Qxb6 Qc6 40.Qa7 e4 41.Qa5 Qc7+ 42.Kg1 Qxa5  0-1

[Event "Scaccomatto Open"]
[Site "Torino ITA"]
[Date "2008.12.07"]
[Round "8"]
[White "Giffard,N"]
[Black "Hera,I"]
[Result "1/2-1/2"]
[WhiteElo "2376"]
[BlackElo "2530"]

1.d4 Nf6 2.c4 Nc6 3.Nf3 e6 4.a3 g6 5.Nc3 Bg7 6.d5 exd5 7.cxd5 Nb8 8.e4 d6
9.h3 O-O 10.Bd3 Nbd7 11.O-O Nc5 12.Bc2 a5 13.Be3 Nfd7 14.Bd4 f6 15.b4 Na6
16.Rb1 Bh6 17.Ne2 Ne5 18.Nh2 Nc4 19.Ra1 Bd7 20.Bc3 Nb8 21.Nf3 Qe7 22.Nfd4 Kh8
23.Bb3 axb4 24.Bxb4 Na5 25.Bc2 Nc4 26.Bb3 Na5 27.Bc2 Nc4  1/2-1/2

[Event "15th Croatian Open A"]
[Site "Zadar CRO"]
[Date "2008.12.15"]
[Round "2"]
[White "Milanovic,Da"]
[Black "Arnaudov,P"]
[Result "1/2-1/2"]
[WhiteElo "2553"]
[BlackElo "2195"]

1.d4 Nf6 2.c4 Nc6 3.Nf3 e6 4.Nc3 Bb4 5.Qc2 d6 6.a3 Bxc3+ 7.Qxc3 O-O 8.b4 e5
9.dxe5 Ne4 10.Qe3 Bf5 11.g4 Bg6 12.h4 h6 13.Bb2 Nxe5 14.Nxe5 dxe5 15.Bg2 Nd6
16.Qxe5 f6 17.Qf4 Re8 18.c5 Be4 19.f3 Nc4 20.Rd1 Bd3 21.O-O Nxb2 22.exd3 Nxd1
23.Rxd1 Qd5 24.d4 c6 25.Bf1 Qb3 26.Rd3 Qb1 27.Kf2 Re1 28.Be2 Re8 29.Re3 Rxe3
30.Qxe3 Rh1 31.Qe6+ Kh7 32.Ke3 Qg1+ 33.Ke4 Qh2 34.Qf5+ Kh8 35.Qc8+ Kh7 36.Qf5+ Kh8
37.Qc8+  1/2-1/2

[Event "15th Croatian Open A"]
[Site "Zadar CRO"]
[Date "2008.12.16"]
[Round "4"]
[White "Martinovic,Sa"]
[Black "Arnaudov,P"]
[Result "1-0"]
[WhiteElo "2416"]
[BlackElo "2195"]

1.d4 Nf6 2.c4 Nc6 3.Nf3 e6 4.a3 d6 5.Nc3 g6 6.e4 Bg7 7.h3 O-O 8.Bg5 h6 9.Be3 Re8
10.Bd3 Nd7 11.Be2 f5 12.d5 exd5 13.exf5 d4 14.Nxd4 Nxd4 15.Bxd4 Bxd4 16.Qxd4 Ne5
17.fxg6 Qf6 18.O-O-O Qxg6 19.Nd5 Bf5 20.Bh5 Nc6 21.Bxg6 Nxd4 22.Bxf5  1-0

[Event "15th Croatian Open A"]
[Site "Zadar CRO"]
[Date "2008.12.17"]
[Round "6"]
[White "Biliskov,V"]
[Black "Arnaudov,P"]
[Result "1/2-1/2"]
[WhiteElo "2295"]
[BlackElo "2195"]

1.d4 Nf6 2.c4 Nc6 3.Nf3 e6 4.g3 d5 5.Nbd2 Bb4 6.Bg2 dxc4 7.O-O Bxd2 8.Qxd2 Rb8
9.Qg5 h6 10.Qc5 Qd5 11.Bf4 Qxc5 12.dxc5 Nd5 13.Rfc1 c3 14.b3 g5 15.Be5 f6
16.Bxc3  1/2-1/2

[Event "8th Amplico AIG Life Rapid"]
[Site "Warsaw POL"]
[Date "2008.12.21"]
[Round "9"]
[White "Ruckschloss,K"]
[Black "Vlassov,N"]
[Result "0-1"]
[WhiteElo "2230"]
[BlackElo "2471"]

1.c4 Nf6 2.d4 Nc6 3.Nf3 e6 4.e3 Bb4+ 5.Nbd2 a5 6.Bd3 d6 7.O-O e5 8.Ne4 a4
9.a3 Ba5 10.d5 Nxe4 11.Bxe4 Ne7 12.Bc2 O-O 13.Bxa4 Bg4 14.h3 Bh5 15.g4 Bg6
16.Bc2 f5 17.Ng5 Qd7 18.Ne6 Rf6 19.g5 Rxe6 20.dxe6 Qxe6 21.b3 Bb6 22.Kh2 e4
23.Bb2 Qf7 24.Bd4 Bh5 25.Qd2 c5 26.Bb2 Bc7 27.f4 exf3 28.Bd1 d5+ 29.Kh1 dxc4
30.Bxf3 Bxf3+ 31.Rxf3 Ng6 32.Raf1 Nh4 33.Rf4 Rd8 34.Qxd8+ Bxd8 35.Rxh4 Bxg5
36.Rxc4 Bxe3 37.Rf3 f4 38.Kg2  0-1

[Event "Masters"]
[Site "Hastings ENG"]
[Date "2009.01.02"]
[Round "6"]
[White "Kjartansson,G"]
[Black "Griffiths,R"]
[Result "1-0"]
[WhiteElo "2284"]
[BlackElo "2107"]

1.d4 Nf6 2.c4 Nc6 3.Nf3 e6 4.Nc3 Bb4 5.Qc2 d6 6.Bg5 h6 7.Bd2 O-O 8.a3 Bxc3
9.Bxc3 Qe7 10.e4 e5 11.d5 Nb8 12.Be2 Bg4 13.h3 Bh5 14.Nh4 Bg6 15.Nf5 Bxf5
16.exf5 a5 17.g4 a4 18.h4 Nh7 19.g5 hxg5 20.f6 Qxf6 21.Qxh7+ Kxh7 22.hxg5+ Kg6
23.gxf6 Kxf6 24.f4 Nd7 25.Bg4 Nc5 26.O-O  1-0

[Event "Open A"]
[Site "Gjovik NOR"]
[Date "2009.01.04"]
[Round "6"]
[White "Kovachev,D"]
[Black "Gullaksen,E"]
[Result "1/2-1/2"]
[WhiteElo "2229"]
[BlackElo "2400"]

1.d4 Nf6 2.c4 Nc6 3.Nf3 e6 4.e3 Bb4+ 5.Nbd2 O-O 6.a3 Bxd2+ 7.Qxd2 a5 8.b3 d6
9.Bb2 Qe7 10.Be2 e5 11.O-O Bf5 12.d5 Nb8 13.b4 Ne4 14.Qd1 Nd7 15.Nd2 Nxd2  1/2-1/2

[Event "Australian Open"]
[Site "Manly Sydney AUS"]
[Date "2009.01.08"]
[Round "8"]
[White "Myers,S"]
[Black "Nilsson,L"]
[Result "0-1"]
[WhiteElo "1807"]
[BlackElo "2030"]

1.d4 Nf6 2.c4 Nc6 3.Nf3 e6 4.a3 Be7 5.Nc3 d6 6.e4 O-O 7.Be3 e5 8.d5 Nb8 9.b4 Nh5
10.Bd2 f5 11.h3 Nf6 12.Bd3 f4 13.g3 fxg3 14.fxg3 Nh5 15.Qe2 Nxg3 16.Qg2 Nxh1
17.O-O-O a5 18.b5 c6 19.Rxh1 cxb5 20.Nxb5 Rf7 21.Ng5 Bxg5 22.Bxg5 Qb6 23.Bh4 Bd7
24.a4 Bxb5 25.axb5 Qe3+ 26.Qd2 Qd4 27.Rh2 Nd7 28.Bf2 Qa1+ 29.Kc2 Raf8 30.Be3 Qa4+
31.Kb2 Qb4+ 32.Qxb4 axb4 33.Be2 Nc5 34.Bg4 Rf6 35.Bf5 g6 36.Rg2 Kf7 37.Bg4 Nxe4
38.Kb3 Ke7 39.Kxb4 Ra8 40.Bd1 Rf1 41.Bc2 Nf6 42.Bg5 Kd7 43.Bd3 Rf3 44.Be2 Rfa3
45.Bd1 Ne4 46.Bh6 Nc5 47.Bc2 Rf3 48.Bd1 Nd3+ 49.Kb3 Rf2 50.Rxf2 Nxf2 51.Bf3 Kc7
52.h4 Ra1 53.Be3 Nh3 54.Kb2 Re1 55.Bd2 Rg1 56.b6+ Kd7 57.Bb4 Nf4 58.Be4 Rg3
59.Kc2 Rg4 60.h5 Nxh5 61.Bf3 Rxc4+ 62.Bc3 Nf6 63.Kd3 Rh4 64.Ke2 Rh2+ 65.Ke3 g5
66.Be2 Nxd5+  0-1

[Event "Bela Perenyi Mem"]
[Site "Budapest HUN"]
[Date "2009.01.15"]
[Round "7"]
[White "Kovacs,Ga2"]
[Black "Paschall,W"]
[Result "1-0"]
[WhiteElo "2504"]
[BlackElo "2354"]

1.d4 Nf6 2.c4 Nc6 3.Nf3 e6 4.Nc3 Bb4 5.e3 O-O 6.Bd3 d6 7.O-O Bxc3 8.bxc3 e5
9.Nd2 Qe7 10.Qc2 Re8 11.f3 Bd7 12.Ba3 g6 13.Rae1 b6 14.Qb1 Qf8 15.f4 exf4
16.Rxf4 Nh5 17.Rf2 Qh6 18.e4 Nf4 19.Bc2 Bh3 20.Qd1 Nxg2 21.Rxg2 Bxg2 22.Kxg2 f5
23.Ba4 Ne5 24.dxe5 Rxe5 25.Nf3 Ra5 26.Bb4 fxe4 27.Bxa5 exf3+ 28.Qxf3 Qg5+
29.Kh1 Rf8 30.Qd5+ Qxd5+ 31.cxd5 bxa5 32.Re8 Rxe8 33.Bxe8 Kg7 34.Kg2 Kf6
35.Kf3 Ke5 36.Bf7 Kf6 37.Bg8 h5 38.Kf4 g5+ 39.Ke4 a4 40.a3 a6 41.Be6 c5 42.Bd7 a5
43.Bxa4 h4 44.Bd7 Kg6 45.Bg4 Kf6 46.Bh5  1-0

[Event "Queenstown Classic"]
[Site "Queenstown NZL"]
[Date "2009.01.15"]
[Round "1"]
[White "Wells,P"]
[Black "Fitzpatrick,A"]
[Result "1-0"]
[WhiteElo "2513"]
[BlackElo "2008"]

1.d4 Nf6 2.c4 Nc6 3.Nf3 e6 4.a3 d5 5.Nc3 Be7 6.Bf4 a6 7.e3 O-O 8.Rc1 dxc4
9.Bxc4 Nd5 10.Bg3 Nb6 11.Ba2 Bd6 12.Ne4 Ne7 13.Bh4 Qe8 14.Nxd6 cxd6 15.Qb3 Nbd5
16.Bg3 Nf5 17.Bb1 Nxg3 18.hxg3 g6 19.e4 Nf6 20.e5 dxe5 21.dxe5 Ng4 22.Qb4 h5
23.Rc4 Qb5 24.Rxg4 hxg4 25.Rh8+  1-0

[Event "Arcapita Open"]
[Site "Manama BHN"]
[Date "2009.01.26"]
[Round "3"]
[White "Pelletier,Y"]
[Black "Zozulia,A"]
[Result "1-0"]
[WhiteElo "2560"]
[BlackElo "2376"]

1.d4 Nf6 2.c4 Nc6 3.Nf3 e6 4.g3 d6 5.Nc3 g6 6.Bg2 Bg7 7.O-O O-O 8.h3 Re8
9.e4 d5 10.e5 Ne4 11.Re1 Nxc3 12.bxc3 Na5 13.Bg5 Qd7 14.Nh2 h6 15.Bf6 Bf8
16.Ng4 h5 17.Ne3 Nxc4 18.Nxc4 dxc4 19.g4 hxg4 20.Qxg4 Bg7 21.Qg5 Bxf6 22.exf6 Qd6
23.Re4 Bd7 24.Rh4 Qf8 25.Rh6  1-0

[Event "Arcapita Open"]
[Site "Manama BHN"]
[Date "2009.01.30"]
[Round "6"]
[White "Sulashvili,M"]
[Black "Akshat,Kh"]
[Result "1/2-1/2"]
[WhiteElo "2445"]
[BlackElo "2306"]

1.d4 Nf6 2.c4 Nc6 3.Nf3 e6 4.a3 d6 5.Nc3 g6 6.e4 Bg7 7.Be2 O-O 8.d5 exd5
9.cxd5 Ne7 10.O-O c6 11.dxc6 bxc6 12.Bf4 d5 13.exd5 cxd5 14.Nb5 a6 15.Nbd4 Qb6
16.b4 Ne4 17.Rc1 Bg4 18.Be3 Qb7 19.h3 Bd7 20.Qb3 Rfc8 21.a4 Nd6 22.Rxc8+ Rxc8
23.Rc1 Nc4 24.b5 axb5 25.axb5 Nxe3 26.Rxc8+ Nxc8 27.fxe3 Nb6 28.Kf2 Qc7 29.Qb4 Bf8
30.Qa5 Bd6 31.Bd3 Bg3+ 32.Ke2 h6 33.Qa3 Bd6 34.Qa5 Bg3 35.Qa3 h5 36.Qa5 Bd6
37.Kf2 Be7 38.Ne2 Bd6 39.Ned4 Bc5 40.Qc3 Bd6 41.Qxc7 Bxc7 42.e4  1/2-1/2

[Event "73rd ch-BUL"]
[Site "Blagoevgrad BUL"]
[Date "2009.02.12"]
[Round "1"]
[White "Nikolov,Mo"]
[Black "Kukov,V"]
[Result "1-0"]
[WhiteElo "2478"]
[BlackElo "2373"]

1.d4 Nf6 2.c4 Nc6 3.Nf3 e6 4.g3 d5 5.cxd5 exd5 6.Bg2 Bf5 7.O-O Be7 8.Nc3 Ne4
9.Qb3 Nxc3 10.Qxc3 O-O 11.Bf4 a5 12.a3 a4 13.Rac1 Re8 14.Rfd1 g5 15.Be3 Na5
16.Qxc7 Nc4 17.Rxc4 dxc4 18.Qxc4 Rc8 19.Qb5 Qd7 20.Qa5 Rc5 21.Qe1 Rc2 22.d5 Bf6
23.Nd4 Bxd4 24.Bxd4 Rcxe2 25.Qa5 Be4 26.Bf1 Rc2 27.Re1 Qf5 28.Bg2 Rc4 29.Bxe4 Qc8
30.Qd2 h6 31.Re3 Qg4 32.f3 Qc8 33.g4 Rc1+ 34.Re1  1-0

[Event "80th ch-GER"]
[Site "Saarbruecken GER"]
[Date "2009.02.13"]
[Round "8"]
[White "Heinig,Wo"]
[Black "Hausrath,D"]
[Result "1/2-1/2"]
[WhiteElo "2328"]
[BlackElo "2493"]

1.d4 Nf6 2.c4 Nc6 3.Nf3 e6 4.g3 d5 5.Bg2 dxc4 6.O-O Rb8 7.a4 Be7 8.Na3 Na5
9.Qc2 Nb3 10.Ra2 Nd5 11.Nxc4 Nxd4 12.Nxd4 Nb4 13.Qb3 Qxd4 14.Be3 Qg4 15.Raa1 O-O
16.Bf3 Qg6 17.Rac1 f6 18.Bxa7  1/2-1/2

[Event "73rd ch-BUL"]
[Site "Blagoevgrad BUL"]
[Date "2009.02.15"]
[Round "4"]
[White "Petkov,V"]
[Black "Kukov,V"]
[Result "0-1"]
[WhiteElo "2504"]
[BlackElo "2373"]

1.d4 Nf6 2.c4 Nc6 3.Nc3 e5 4.d5 Ne7 5.h4 Neg8 6.e4 Bc5 7.h5 d6 8.Be2 Bd7
9.Qd3 Nh6 10.Qg3 Nhg4 11.Bxg4 Nxg4 12.Nh3 O-O 13.Bd2 f5 14.exf5 Bxf5 15.O-O Qe8
16.h6 Qg6 17.hxg7 Rf7 18.Qh4 Rxg7 19.g3 Rf8 20.Rae1 Bd3 21.b3 Bxf1 22.Rxf1 Nxf2
23.Nxf2 Qxg3+ 24.Qxg3 Rxg3+ 25.Kh2 Rxf2+ 26.Rxf2 Bxf2 27.Ne4 Rd3  0-1

[Event "73rd ch-BUL"]
[Site "Blagoevgrad BUL"]
[Date "2009.02.19"]
[Round "10"]
[White "Chatalbashev,B"]
[Black "Kukov,V"]
[Result "1-0"]
[WhiteElo "2560"]
[BlackElo "2373"]

1.d4 Nf6 2.c4 Nc6 3.Nc3 e5 4.d5 Ne7 5.h4 Neg8 6.a3 a5 7.e3 Nh6 8.Be2 d6 9.e4 Be7
10.Nh3 Nd7 11.Ng5 Nc5 12.Be3 b6 13.b4 Nb7 14.Rc1 Bd7 15.g3 Qc8 16.f3 Ng8
17.Bf1 h6 18.Nh3 f5 19.exf5 Bxf5 20.Nf2 axb4 21.axb4 Nf6 22.g4 Bd7 23.Bd3 O-O
24.Bb1 Kf7 25.Qd3 Ke8 26.Qg6+ Kd8 27.Qxg7 Ne8 28.Qxh6 Rxf3 29.Bg5 Nf6 30.Nce4 Ng8
31.Qg7  1-0

[Event "TCh-NED 2008-9"]
[Site "Netherlands NED"]
[Date "2009.03.07"]
[Round "6"]
[White "Richter,Ch"]
[Black "Hausrath,D"]
[Result "1/2-1/2"]
[WhiteElo "2403"]
[BlackElo "2491"]

1.d4 Nf6 2.c4 Nc6 3.Nf3 e6 4.g3 d5 5.a3 dxc4 6.Qa4 Be7 7.Bg2 Nd5 8.Qxc4 Nb6
9.Qd3 e5 10.Be3 exd4 11.Nxd4 Nxd4 12.Bxd4 O-O 13.Nc3 Be6 14.Bxb6  1/2-1/2

[Event "4NCL 2008-9"]
[Site "Hinckley Island ENG"]
[Date "2009.03.21"]
[Round "7"]
[White "Hasman,C"]
[Black "Coleman,D"]
[Result "0-1"]
[WhiteElo "2112"]
[BlackElo "2208"]

1.d4 Nf6 2.c4 Nc6 3.Nf3 e6 4.Nc3 Bb4 5.Qc2 d6 6.a3 Bxc3+ 7.Qxc3 O-O 8.b4 e5
9.dxe5 Nxe5 10.Nxe5 dxe5 11.Bb2 Re8 12.e3 Bf5 13.Rd1 Qe7 14.Bd3 Bxd3 15.Rxd3 a5
16.O-O axb4 17.axb4 Ra4 18.c5 c6 19.Qb3 Rea8 20.Rfd1 h6 21.Bc3 Ra3 22.Qc4 Nd5
23.Bd2 e4 24.Rd4 f5 25.h3 Kh7 26.Qc2 Ra2 27.Qb1 Qf7 28.Rf1 Qg6 29.b5 R2a4
30.Rxa4 Rxa4 31.Qb3 Ra8 32.Bc1 Rf8 33.Bd2 Qh5 34.bxc6 bxc6 35.Ra1 Rf6 36.Qd1 Qf7
37.Ra6 Rg6 38.Qa4 Qe6 39.Qa5 f4 40.Qd8 Qxh3 41.Kf1 Qxg2+ 42.Ke2 Qf3+ 43.Kf1 Qh1+  0-1

[Event "11th Open St-Quentin en Yvelines"]
[Site "Elancourt FRA"]
[Date "2009.04.19"]
[Round "2"]
[White "Vallepin,C"]
[Black "Collette,G"]
[Result "1-0"]
[WhiteElo "2130"]
[BlackElo "1914"]

1.d4 Nf6 2.c4 Nc6 3.Nc3 e5 4.d5 Ne7 5.e4 Ng6 6.Be3 Bb4 7.f3 O-O 8.Ne2 d6
9.Qd2 Nh5 10.O-O-O f5 11.exf5 Ngf4 12.g3 Nxe2+ 13.Bxe2 Nf6 14.g4 Qe8 15.h4 Bxc3
16.Qxc3 b6 17.h5 h6 18.Rde1 Nh7 19.f4 exf4 20.Bxf4 Qd8 21.Bg3 Bd7 22.Bh4 Ng5
23.Qd2 Qf6 24.Bxg5 Qxg5 25.Qxg5 hxg5 26.Bd3 Rae8 27.Kd2 Rf6 28.Rxe8+ Bxe8
29.Re1 Kf7 30.Re6 Bd7 31.Rxf6+ Kxf6 32.Ke3 c5 33.dxc6 Bxc6 34.Be2 Bb7 35.Kd4 Bg2
36.b4 Bb7 37.Ke3 Ke5 38.Bf3 Ba6 39.b5 Bc8 40.Bc6 a6 41.Kd3 axb5 42.cxb5 Kf4
43.f6 gxf6 44.h6 Bxg4 45.Be4 d5 46.Bg6 Bf3 47.h7 Be4+ 48.Bxe4 dxe4+ 49.Kd4  1-0

[Event "XV Leonardo di Bona Magistrale"]
[Site "Cutro ITA"]
[Date "2009.04.21"]
[Round "4"]
[White "Cordi,D"]
[Black "Arnaudov,P"]
[Result "0-1"]
[WhiteElo "2056"]
[BlackElo "2199"]

1.d4 Nf6 2.c4 Nc6 3.Nf3 e6 4.Nc3 Bb4 5.Bg5 h6 6.Bh4 g5 7.Bg3 Ne4 8.Qd3 Nxg3
9.hxg3 g4 10.Nd2 d6 11.O-O-O Bxc3 12.Qxc3 Qf6 13.Ne4 Qg6 14.f3 e5 15.d5 Ne7
16.e3 Bf5 17.Bd3 O-O-O 18.Kb1 Kb8 19.Rc1 gxf3 20.gxf3 Bxe4 21.Bxe4 f5 22.Bd3 Qxg3
23.Rhg1 Qxf3 24.Rg7 Nc8 25.c5 Qxd5 26.cxd6 Nxd6 27.Qxc7+ Ka8 28.Bxf5 Nxf5  0-1

[Event "11th Open St-Quentin en Yvelines"]
[Site "Elancourt FRA"]
[Date "2009.04.22"]
[Round "6"]
[White "Vallobra,P"]
[Black "Collette,G"]
[Result "1-0"]
[WhiteElo "2009"]
[BlackElo "1914"]

1.d4 Nf6 2.c4 Nc6 3.Nc3 e5 4.d5 Ne7 5.e4 Ng6 6.Nf3 Bc5 7.Be2 O-O 8.O-O d6
9.a3 a5 10.Rb1 Ne8 11.b4 axb4 12.axb4 Ba7 13.Bd3 Bg4 14.h3 Bxf3 15.Qxf3 Qf6
16.Qg3 Nf4 17.Ne2 Nxe2+ 18.Bxe2 Qg6 19.Qh4 Nf6 20.Bf3 h6 21.Kh2 Bd4 22.Bb2 Bxb2
23.Rxb2 Ra3 24.c5 Qh7 25.cxd6 cxd6 26.Rc1 Rfa8 27.Rc4 b5 28.Rc6 g5 29.Qg3 Nxe4
30.Qg4 Nf6 31.Qg3 Ne8 32.Re2 f5 33.Rxe5 Nf6 34.Rxd6 Nh5 35.Bxh5 Rxg3 36.fxg3 Rf8
37.Ree6 f4 38.Rg6+ Kh8 39.Rxh6 fxg3+ 40.Kxg3  1-0

[Event "11th Open St-Quentin en Yvelines"]
[Site "Elancourt FRA"]
[Date "2009.04.24"]
[Round "8"]
[White "Le Port,L"]
[Black "Collette,G"]
[Result "0-1"]
[WhiteElo "1577"]
[BlackElo "1914"]

1.d4 Nf6 2.c4 Nc6 3.Nc3 e5 4.d5 Ne7 5.e4 Ng6 6.Bd3 Bc5 7.Nf3 O-O 8.O-O d6
9.Rb1 a5 10.a3 Nh5 11.b4 axb4 12.axb4 Bb6 13.Na4 Ba7 14.c5 Nhf4 15.Rb3 Bd7
16.Ra3 Nxd3 17.Qxd3 Qe8 18.Qc2 f5 19.exf5 Bxf5 20.Qb3 Bd7 21.Be3 Nf4 22.Rfa1 Rc8
23.Nc3 Bb8 24.c6 bxc6 25.dxc6+ Be6 26.Qa4 Qg6 27.Bxf4 Rxf4 28.Ne2 Rc4 29.Ng3 Qe8
30.Ng5 Bd5 31.Qb5 Qxc6 32.Qxc6 Rxc6 33.b5 Rb6 34.Nf5 Re8 35.Ra5 g6 36.Ne3 Bf7
37.Nxf7 Kxf7 38.Nd5 Rb7 39.g3 Ke6 40.Nc3 Rc8 41.Rb1 Ba7 42.Nd5 Bxf2+ 43.Kxf2 Kxd5
44.Ke3 Ke6 45.h3 Rcb8 46.Kd3 c6 47.Kc4 Rxb5 48.Rbxb5 Rxb5 49.Rxb5 cxb5+ 50.Kxb5 Kd5  0-1

[Event "XV Leonardo di Bona Magistrale"]
[Site "Cutro ITA"]
[Date "2009.04.26"]
[Round "9"]
[White "Svetushkin,D"]
[Black "Arnaudov,P"]
[Result "1/2-1/2"]
[WhiteElo "2615"]
[BlackElo "2199"]

1.d4 Nf6 2.c4 Nc6 3.Nf3 e6 4.a3 d6 5.Nc3 g6 6.e4 Bg7 7.h3 O-O 8.Be3 e5 9.d5 Nd4
10.Nxd4 exd4 11.Bxd4 Nxe4 12.Nxe4 Qh4 13.g4 Re8 14.Bg2 Bf5 15.O-O Bxe4 16.Bxg7 Bxg2
17.Kxg2 Kxg7 18.Qd4+ Qf6 19.Qxf6+ Kxf6 20.Rfe1 a5 21.b3 b6 22.f4 Kg7 23.Kg3 Kf6
24.Kf3 Kg7 25.g5 h5 26.Rac1 f5 27.gxf6+ Kxf6 28.h4 Kf7 29.Rg1 Re7 30.Rce1 Rxe1
31.Rxe1 Re8 32.Rc1 Kf6 33.Rg1 Re7 34.Rd1 Kf5 35.Rg1 Kf6 36.Rc1  1/2-1/2

[Event "IV Tch-ESP Selecciones Autonomicas"]
[Site "Villava ESP"]
[Date "2009.05.02"]
[Round "5"]
[White "Santos Latasa,J"]
[Black "Diaz Herrero,A"]
[Result "1/2-1/2"]
[WhiteElo "2155"]
[BlackElo "2121"]

1.d4 Nf6 2.c4 Nc6 3.Nf3 e6 4.Nc3 Bb4 5.Qc2 d6 6.a3 Bxc3+ 7.Qxc3 a5 8.b3 O-O
9.Bg5 h6 10.Bxf6 Qxf6 11.e3 e5 12.d5 Nb8 13.Be2 Bg4 14.O-O Qe7 15.h3 Bxf3
16.Bxf3 e4 17.Be2 Nd7 18.Rfd1 f5 19.b4 Ne5 20.Qd4 Qg5 21.Kh1 Qh4 22.Kg1 Rf6
23.Rf1 Rg6 24.Kh2 Ng4+ 25.Kg1 Ne5 26.Kh2 Ng4+ 27.Kg1 Ne5 28.Kh2 Ng4+  1/2-1/2

[Event "4NCL 2008-9"]
[Site "Staverton ENG"]
[Date "2009.05.04"]
[Round "11"]
[White "Beckett,C"]
[Black "Coleman,D"]
[Result "1/2-1/2"]
[WhiteElo "2096"]
[BlackElo "2221"]

1.d4 Nf6 2.c4 Nc6 3.Nc3 e5 4.d5 Ne7 5.h4 h5 6.Bg5 Ng6 7.e3 Be7 8.Bd3 d6 9.Qc2 Nf8
10.Nge2 Ng4 11.Bxe7 Qxe7 12.Ng3 g6 13.e4 Nd7 14.O-O-O a5 15.Kb1 Nc5 16.Na4 Nxa4
17.Qxa4+ Bd7 18.Qc2 O-O 19.Rc1 b6 20.Qd2 Kg7 21.f3 Nh6 22.Qg5 Qxg5 23.hxg5 Ng8
24.Rh2 f6 25.gxf6+ Nxf6 26.Rch1 Rh8 27.Be2 Rh7 28.Nf1 Rah8 29.g3 g5 30.Ne3 Rh6
31.Kc1 Kg6 32.Kc2 g4 33.fxg4 hxg4 34.Rxh6+ Rxh6 35.Rxh6+ Kxh6 36.Kd3 Kg5
37.Nf1 c6 38.Ke3 cxd5 39.cxd5 Kg6 40.a3 Kf7 41.b4 Ke7 42.Nd2 axb4  1/2-1/2

[Event "ch-URU"]
[Site "Montevideo URU"]
[Date "2009.05.15"]
[Round "9"]
[White "Saralegui,M"]
[Black "Oddone,C"]
[Result "1/2-1/2"]
[WhiteElo "2148"]
[BlackElo "2231"]

1.d4 Nf6 2.c4 Nc6 3.Nf3 e6 4.e3 Bb4+ 5.Nbd2 a5 6.a3 Bxd2+ 7.Bxd2 Qe7 8.Be2 a4
9.Qc2 d6 10.e4 e5 11.dxe5 dxe5 12.Bc3 O-O 13.Rd1 Bg4 14.h3 Bh5 15.O-O Qc5
16.Nh4 Bxe2 17.Qxe2 Rfd8 18.Nf3 Rd7 19.Rxd7 Nxd7 20.Rc1 Qe7 21.Rd1 Nb6 22.Nd2 Nd4
23.Bxd4 exd4 24.Nf3 c5 25.Qc2 Qe6 26.Rc1 h6 27.b3 axb3 28.Qxb3 Ra6 29.Qb5 Na4
30.Qxb7 Nc3 31.Ra1 Rb6 32.Qc7 Rc6 33.Qb7 d3 34.e5 Rb6 35.Qc7 Ne2+ 36.Kh1 Nf4
37.Qxc5 d2 38.Nxd2 Nxh3 39.Qe3 Ng5 40.Nf3 Nxf3 41.Qxf3 Qxe5 42.Rd1 Rf6 43.Qa8+ Kh7
44.Qd5 Qf4 45.Rf1 Rf5 46.Qd3 g6 47.Kg1 Rh5 48.Qg3 Qxc4 49.Re1 Qd5 50.Qe3 Qd6
51.g3 Qd5 52.Qe4 Qxe4 53.Rxe4 Ra5 54.a4 f5  1/2-1/2

[Event "27th Liechtenstein Open"]
[Site "Triesen LIE"]
[Date "2009.05.17"]
[Round "3"]
[White "Raykhman,A"]
[Black "Mannhart,M"]
[Result "1-0"]
[WhiteElo "2297"]
[BlackElo "2140"]

1.d4 Nf6 2.c4 Nc6 3.Nf3 e6 4.Nc3 Bb4 5.Qc2 d6 6.Bd2 O-O 7.a3 Bxc3 8.Bxc3 Re8
9.Rd1 Qe7 10.e3 e5 11.dxe5 dxe5 12.Be2 Bg4 13.O-O a5 14.Rfe1 Rad8 15.Rxd8 Rxd8
16.h3 Bh5 17.Rd1 Re8 18.Kh1 h6 19.Kg1 Bg6 20.Qb3 Rb8 21.Qb5 e4 22.Nd4 Nxd4
23.Rxd4 c5 24.Rd1 b6 25.Bxa5 Bf5 26.Bc3 Qc7 27.Qb3 Bd7 28.Qc2 Bc6 29.b4 Nd7
30.b5 Bb7 31.Qb2 f6 32.a4 Nf8 33.Qd2 Bc8 34.a5 bxa5 35.Bxa5 Qa7 36.Bc3 Be6
37.Qd6 Re8 38.Qc6 Re7 39.Ra1 Qb7 40.Qxc5 Rc7 41.Qb4 Nd7 42.Bd4  1-0

[Event "27th Liechtenstein Open"]
[Site "Triesen LIE"]
[Date "2009.05.18"]
[Round "4"]
[White "Bruehl,A"]
[Black "Klings,P"]
[Result "1-0"]
[WhiteElo "2365"]
[BlackElo "2152"]

1.d4 Nf6 2.c4 Nc6 3.Nf3 e6 4.a3 d6 5.Nc3 g6 6.e4 Bg7 7.Be2 O-O 8.O-O Re8
9.Bg5 h6 10.Bh4 g5 11.Bg3 Nh5 12.d5 Nxg3 13.hxg3 Ne7 14.Nd4 c5 15.Nc2 exd5
16.cxd5 f5 17.exf5 Nxf5 18.Bg4 Bd7 19.Qd3 Rf8 20.Rae1 Qf6 21.Re4 Rad8 22.Nd1 Qg6
23.Qe2 Rde8 24.Rxe8 Bxe8 25.Nde3 Nd4 26.Nxd4 Bxd4 27.Nf5 Qf6 28.Nxd4 Qxd4
29.Rd1 Qf6 30.b4 b6 31.Re1 Kh8 32.bxc5 bxc5 33.f3 Bg6 34.Qe6 Kg7 35.Kh2 h5
36.Bh3 Bf7 37.Qd7 g4 38.fxg4 Qf2 39.Qe7 hxg4 40.Bxg4 Rh8+ 41.Bh3 Rh6 42.Re6 Rh5
43.Re4 Rh6 44.Rg4+ Kh7 45.Rf4  1-0

[Event "8th Asian Continental Open"]
[Site "Subic Bay PHI"]
[Date "2009.05.21"]
[Round "9"]
[White "Pak,E"]
[Black "Priyadharshan,K"]
[Result "1-0"]
[WhiteElo "2328"]
[BlackElo "2411"]

1.d4 Nf6 2.c4 Nc6 3.Nf3 e6 4.Nc3 Bb4 5.Qc2 d6 6.Bd2 O-O 7.a3 Bxc3 8.Bxc3 Qe7
9.g3 e5 10.d5 Nb8 11.Bg2 c6 12.dxc6 Nxc6 13.O-O Be6 14.b3 Rac8 15.Rfd1 Rfd8
16.a4 h6 17.e4 a5 18.h3 b6 19.Nd2 d5 20.exd5 Bxd5 21.Ne4 Bxe4 22.Bxe4 Nd4
23.Bxd4 Rxd4 24.Rxd4 exd4 25.Bf3 Rd8 26.Rd1 Qc5 27.Qd3 Rd7 28.Re1 g6 29.Kh2 Kg7
30.Bg2 Qf5 31.Qd2 h5 32.Kg1 Qc5 33.Bf1 Qf5 34.Bg2 Qc5 35.Bf3 Kh7 36.g4 hxg4
37.hxg4 Kg7 38.Kg2 Qb4 39.Qxb4 axb4 40.Re5 d3 41.Bd1 Rd6 42.f3 Nd7 43.Rb5 d2
44.Kf2 Nc5 45.Ke3 Na6 46.g5 Kf8 47.Ke2 Ke7 48.Bc2 Nc7 49.Re5+ Ne6 50.Kd1 Kd7
51.Be4 Nf4 52.Bd5 Nxd5 53.Rxd5 Rxd5 54.cxd5 Kd6 55.Kxd2 Ke5 56.Ke3 Kxd5 57.Kd3 f6
58.gxf6 Ke6 59.Kc4 Kxf6 60.Kb5 Ke5 61.Kxb6 Kd4 62.a5 Kc3 63.a6 Kxb3 64.a7 Kc2
65.a8=Q b3 66.Qe4+  1-0